000
00330 a2200145 4500
001
156193
040
_c
Escola São Tomás de Aquino
100
_a
MCDONALD, Megan
240
1
0
_a
Natal super legal
_l
por
245
1
0
_a
Natal super legal
300
_a
114
362
0
_a
2008
697
_a
*LITERATURA INFANTO JUVENIL
942
_c
BK
999
_c
156193
_d
156193